000 00418cam a2200169ua 4500
001 5171
008 190403n II |||gr||||Z||||||asm
040 _aMAIN
041 _aEnglish
082 _a891.451 31 HAZ
100 _aHAZARIKA, BIDYA KANTA.
245 _aJILIKISE KHOJ JAR SAMAY BALIT
260 _a[s.l]:
_bAMON ANGHSUMAN PRAKASHAN,
_c1993.
300 _a142.:
_c20CM.
653 _aAsomiya Novels
942 _cBK
999 _c5156
_d5156